000 01138nam a2200229Ia 4500
001 L870-37769
003 IT-CnALBA
008 170116s9999||||xx |||||||||||||| ||und||
040 _aIT-CnALBA
_cIT-CnALBA
041 _aITALIANO
100 _aMARCHESI CONCETTO
245 0 _aSTORIA DELLA LETTERATURA LATINA. VOL. I.
250 _a8a ed.
260 _a MI, RO, MESSINA
_bPRINCIPATO G. EDIT.
_c1969 [1° Ed.: n.d.]
300 _a558 p.
500 _aORIGINI. PROSA POESIA. PERIODO ARCAICO. ETA' DI CESARE. DI AUGUSTO. NEVIO PLAUTO ENNIO. LUCILIO E LA SATIRA. GRACCHI. TIBERIO. CATONE. CAIO. LUCREZIO. CATULLO. CICERONE. VARRONE. CESARE. SALLUSTIO. VIRGILIO. ORAZIO. TIBULLO. OVIDIO.
501 _aSocietà San Paolo EM - Piazza San Paolo, 14 - 12051 ALBA (CN) (non commercial uses only) ® Copyright 2017
520 _aORIGINI. PROSA POESIA. PERIODO ARCAICO. ETA' DI CESARE. DI AUGUSTO. NEVIO PLAUTO ENNIO. LUCILIO E LA SATIRA. GRACCHI. TIBERIO. CATONE. CAIO. LUCREZIO. CATULLO. CICERONE. VARRONE. CESARE. SALLUSTIO. VIRGILIO. ORAZIO. TIBULLO. OVIDIO.
650 _aLETTERATURA LATINA
942 _cBK
957 _71
999 _a42541
_bNO
_g Copie: 1
_c296576
_d296576